Validez, confiabilidad y objetividad de instrumentos de volibol /
Enregistré dans:
| Auteur principal: | |
|---|---|
| Format: | Texte |
| Sujets: | |
| Tags: |
Ajouter un tag
Pas de tags, Soyez le premier à ajouter un tag!
|
MARC
| LEADER | 00000 a a2200000 04500 | ||
|---|---|---|---|
| 001 | 13588 | ||
| 003 | |||
| 040 | |||
| 100 | |a Vargas Z., Olman | ||
| 245 | |a Validez, confiabilidad y objetividad de instrumentos de volibol / |c Olman Vargas Z. | ||
| 650 | |a TEORIA | ||
| 650 | |a DEPORTES | ||
| 650 | |a EDUCACION FISICA | ||
| 650 | |a INSTALACIONES DEPORTIVAS | ||
| 773 | |g número 73; páginas 43-52 | ||
| 999 | |c 27755 |d 27755 | ||
